Statistiques concernant 20 Animaux aléatoires par photos

Cliquez ici pour prendre le quiz!

Statistiques générales

  • Ce quiz a été pris 1 012 fois
  • Le résultat moyen est 11 sur 20

Statistiques - réponses

Réponse% Correct
Alligator
100%
Baleine
100%
Chien
100%
Chouette
100%
Cochon d'Inde
100%
Colombe
100%
Corbeau
100%
Cygne
100%
Écureuil
100%
Gorille
100%
Hippopotame
100%
Jaguar
100%
Lama
100%
Lapin
100%
Loup
100%
Mouton
100%
Poisson rouge
100%
Renard
100%
Tortue
100%
Zèbre
100%
Canard
95%
Chameau
95%
Cheval
95%
Cochon
95%
Crevette
94%
Crocodile
94%
Fourmi
94%
Koala
94%
Lièvre
94%
Mouche
94%
Vautour
94%
Éléphant
93%
Girafe
93%
Limace
93%
Lion
93%
Abeille
92%
Autruche
92%
Chat
92%
Dromadaire
92%
Guépard
92%
Libellule
92%
Lynx
92%
Panda
92%
Perroquet
92%
Perruche
92%
Phacochère
92%
Scorpion
92%
Vache
92%
Crabe
91%
Otarie
91%
Paon
91%
Hérisson
90%
Kiwi
90%
Orque
90%
Ours brun
90%
Paresseux
90%
Poule
90%
Pigeon
89%
Raton laveur
89%
Souris
89%
Dauphin
88%
Hibou
88%
Iguane
88%
Papillon
88%
Rouge-gorge
88%
Calmar
87%
Espadon
87%
Raie
87%
Rhinocéros
87%
Sanglier
87%
Cafard
86%
Chauve-souris
86%
Effraie
86%
Méduse
86%
Suricate
86%
Âne
85%
Caméléon
85%
Escargot
85%
Grenouille
85%
Mouette
85%
Moustique
84%
Aigle
83%
Loutre
83%
Mante religieuse
83%
Morse
83%
Phasme
83%
Phoque
83%
Requin
83%
Vipère
83%
Chèvre
82%
Chimpanzé
82%
Hamster
82%
Hyène
82%
Moule
82%
Guêpe
81%
Étoile de mer
80%
Manchot
80%
Pieuvre
80%
Béluga
79%
Bison
79%
Hippocampe
79%
Kangourou
79%
Léopard
79%
Taupe
78%
Alpaga
76%
Cerf
76%
Cobra
76%
Ara
75%
Araignée
75%
Homard
75%
Oie
75%
Ours polaire
75%
Pic
75%
Pingouin
75%
Sauterelle
75%
Toucan
75%
Dindon
74%
Bourdon
73%
Coccinelle
73%
Crotale
73%
Anguille
71%
Babouin
71%
Buffle
71%
Faucon
71%
Gnou
71%
Porc-épic
71%
Puma
71%
Crapaud
70%
Émeu
70%
Tigre
70%
Colibri
69%
Lémurien
69%
Renne
69%
Bouquetin
67%
Chinchilla
67%
Élan
67%
Oursin
67%
Panda roux
67%
Pou
67%
Tique
67%
Ver de terre
67%
Chamois
65%
Belette
63%
Marmotte
63%
Mésange
63%
Scarabée
63%
Frelon
62%
Poisson-chat
62%
Flamant
60%
Lézard
60%
Thon
60%
Mille-pattes
58%
Pangolin
58%
Puce
58%
Tamanoir
58%
Yak
58%
Daim
57%
Poisson-clown
57%
Blaireau
56%
Cachalot
56%
Casoar
56%
Héron
56%
Merle
56%
Pélican
56%
Diable de Tasmanie
55%
Huître
55%
Lamantin
55%
Orang-outan
55%
Piranha
55%
Rat
55%
Sole
55%
Caïman
53%
Beluga
50%
Castor
50%
Dragon de Komodo
50%
Gazelle
50%
Pie
50%
Salamandre
50%
Serval
50%
Tapir
50%
Tatou
50%
Truite
50%
Buse
47%
Anaconda
46%
Chevreuil
46%
Carpe
45%
Goéland
45%
Cacatoès
44%
Faisan
44%
Sardine
44%
Macareux
43%
Ornithorynque
43%
Criquet
42%
Musaraigne
42%
Ragondin
42%
Langouste
41%
Capybara
40%
Furet
40%
Serin
40%
Chien de prairie
38%
Cloporte
38%
Épervier
38%
Lycaon
38%
Silure
38%
Hermine
37%
Mouffette
37%
Barracuda
36%
Chacal
36%
Grue
36%
Termite
36%
Bousier
35%
Moineau
35%
Murène
35%
Boa
33%
Bonobo
33%
Cigogne
33%
Corneille
33%
Okapi
33%
Perdrix
33%
Python
33%
Ocelot
31%
Rouget
31%
Pygargue
30%
Cigale
29%
Lombric
29%
Rascasse
29%
Palourde
28%
Albatros
27%
Bernard-l'hermite
27%
Varan
27%
Coyote
25%
Dorade
25%
Harfang
24%
Hareng
23%
Wombat
23%
Pinson
22%
Seiche
22%
Narval
21%
Gavial
20%
Triton
20%
Fouine
19%
Mandrill
19%
Putois
19%
Couleuvre
18%
Marsouin
18%
Taon
18%
Tardigrade
18%
Campagnol
17%
Hanneton
17%
Impala
17%
Inséparable
17%
Saumon
17%
Pintade
15%
Bergeronnette
14%
Grand-duc
14%
Zébu
14%
Dik-dik
13%
Dugong
13%
Lamproie
13%
Marabout
13%
Opossum
13%
Ouistiti
13%
Bécasse
12%
Mérou
12%
Baudroie
11%
Milan
11%
Coucou
10%
Étourneau
10%
Mouflon
10%
Nandou
10%
Scolopendre
10%
Tourterelle
10%
Martre
9%
Busard
8%
Condor
8%
Lemming
8%
Maquereau
8%
Paradisier
8%
Pogona
8%
Quetzal
8%
Tamia
8%
Coelacanthe
7%
Mainatte
7%
Mangouste
7%
Wapiti
7%
Faucheux
6%
Hirondelle
6%
Vanneau
5%
Sphénodon
4%
Addax
0%
Alouette
0%
Anchois
0%
Bar
0%
Bécassine
0%
Caille
0%
Choucas
0%
Civette
0%
Cormoran
0%
Daman
0%
Fauvette
0%
Geai
0%
Gerboise
0%
Grive
0%
Linotte
0%
Mara
0%
Merlan
0%
Morue
0%
Patelle
0%
Rossignol
0%
Tantale
0%

Distribution des résultats

Percentile par nombre de réponses

% des personnes avec chaque résultat

Votre développement - résultats

Vous n’avez pas pris ce quiz